00802nam a2200217 i 450000100060000000300090000600500170001500700030003200800410003510000260007624501220010225000150022426000440023930000410028349000270032470000290035183000350038085200320041599900170044795201200046477427ES-MaACL20250808004600.0t|041008s1946 sp ||||1| spa d1 aHammond, D. B.96168110aHistoria de los descubrimientos científicos / cpor D.B. Hammond ; [traducción del inglés por Ignacio Rodrigo]. a[1ª ed.]. a[Barcelona] : bLauro, c1946 (fBachs) a132 p., 28 lám. : bil. ; c22 cm.1 aLa aventura del hombre1 aRodrigo, Ignacio.99817303aLa aventura del hombre9182012 aES-MaACLjB-10601 bR.22425 c77427d77427 00104070aATENEOMbATENEOMcSPBd2008-01-17eSCl0oB-10601p1081009r2023-02-23 00:00:00w2023-02-23yMONOGRAFIA